000 01013nam a2200205Ia 4500
008 0000001996 pr ad 0000000000spa00
090 _aPPR00 L66p
100 1 _aLópez Baralt, Mercedes
245 1 3 _aLa poesía visual de Hiram Montalvo
_b: el cosmos como perpetua metamorfosis
_c/ textos de MErcedes LópezBaralt ; fotografías Gretchen N. Morales, Sylvia Ledesma
300 _a[24] p.
_c/ 23 cm.
500 _aExposición realizada en la Galería Caribe de San Juan de Puerto Rico entre el 7 de noviembre y el 11 de diciembre de 1996 \ Incluye datos biográficos y cronología artística \ Donación del Sr. Mauricio Mayorga, 2015
600 0 0 _a MONTALVO, HIRAM, 1947/
_xTRABAJOS PICTORICOS
650 1 4 _a PINTURA PUERTORRIQUEÑA
650 1 4 _aARTE CONTEMPORANEO PUERTORRIQUEÑO
650 1 4 _aARTISTAS PLASTICOS PUERTORRIQUEÑOS
650 1 4 _xCATALOGOS
650 1 4 _xEXPOSICIONES
650 1 4 _aPINTORES PUERTORRIQUEÑOS
999 _c16055
_d16055
260 _aSan Juan (Puerto Rico ) : Galeria Caribe
_c1996